Statistics for Biggest Cities where they pay with the Dollar on a Map

Click here to take the quiz!

General Stats

  • This quiz has been taken 47 times
  • The average score is 53 of 66

Answers on the Map

Answers color-coded by a green-red scale on the quiz's map according to % correct below.
 

Answer Stats

Pop.City% Correct
7.4 milHong Kong
100%
9.7 milChicago
95%
7.7 milBoston
92%
7.3 milDallas
92%
6.8 milHouston
92%
17.6 milLos Angeles
92%
1.2 milMelbourne
92%
4.6 milMelbourne
92%
6.4 milMiami
92%
22.8 milNew York City
92%
7.4 milPhiladelphia
92%
7.8 milSan Francisco
92%
7.8 milSingapore
92%
5.0 milSydney
92%
4.5 milTampa
92%
7.3 milToronto
92%
2.7 milVancouver
92%
5.9 milAtlanta
90%
1.6 milAuckland
90%
2.0 milPerth
90%
4.8 milPhoenix
90%
3.3 milSan Diego
90%
4.5 milSeattle
90%
8.6 milWashington
90%
3.0 milBrisbane
87%
3.8 milDenver
87%
5.8 milDetroit
87%
1.5 milJacksonville
87%
2.3 milLas Vegas
87%
3.2 milMinneapolis
87%
4.2 milMontreal
87%
2.5 milPortland
87%
2.5 milSalt Lake City
87%
9.1 milTaipei
87%
1.3 milAdelaide
85%
2.0 milAustin
85%
1.4 milBuffalo
85%
1.5 milCalgary
85%
3.1 milCleveland
85%
1.3 milEdmonton
85%
3.5 milOrlando
85%
2.6 milQuito
82%
2.1 milSacramento
82%
1.2 milOttawa
79%
2.0 milPittsburgh
79%
2.3 milSan Antonio
79%
2.4 milSt. Louis
79%
2.5 milCharlotte
77%
2.8 milCincinnati
77%
2.4 milHarare
77%
1.7 milRaleigh
77%
1.8 milColumbus
74%
2.0 milIndianapolis
74%
2.0 milKansas City
74%
1.6 milMilwaukee
74%
1.5 milNashville
74%
1.5 milMonrovia
72%
1.6 milVirginia Beach
67%
1.3 milHarrisburg
59%
1.7 milHartford
59%
3.1 milGuayaquil
56%
1.3 milMcAllen
49%
1.3 milStockton
41%
2.8 milKaohsiung
38%
2.4 milTaichung
31%
1.3 milTainan
26%

Score Distribution

Percentile by Number Answered

Percent of People with Each Score

Your Score History

You have not taken this quiz